50 wrestlers with the most matches on Raw - Statistics

General Stats
  • This quiz has been taken 12 times
  • The average score is 24 of 50
Answer Stats
Matches Wrestlers % Correct
544 John Cena
100%
538 Randy Orton
100%
237 Shawn Michaels
100%
201 The Undertaker
100%
221 CM. Punk
88%
333 Edge
88%
475 Kane
88%
236 Roman Reigns
88%
372 Seth Rollins
88%
433 Triple H
88%
380 Big Show
75%
197 Dean Ambrose
75%
416 Kofi Kingston
75%
189 Bobby Lashley
63%
290 Christian
63%
324 Cody Rhodes
63%
328 Jeff Hardy
63%
222 Jey Uso
63%
281 Matt Hardy
63%
225 The Rock
63%
263 Drew McIntyre
50%
256 Mark Henry
50%
300 Shelton Benjamin
50%
429 The Miz
50%
461 Chris Jericho
38%
385 Dolph Ziggler
38%
291 Goldust
38%
194 John Morrison
38%
190 Kevin Owens
38%
326 R-Truth
38%
393 Sheamus
38%
304 Val Venis
38%
233 Billy Gunn
25%
256 Cesaro
25%
233 Curtis Axel
25%
191 Finn Balor
25%
232 JBL
25%
198 Rob Van Dam
25%
188 X-Pac
25%
227 Buh-Buh Ray Dudley
13%
242 Jack Swagger
13%
248 Natalya
13%
216 Santino Marella
13%
199 Test
13%
194 Titus O'Neil
13%
248 Zack Ryder
13%
206 Alicia Fox
0%
192 Cedric Alexander
0%
199 Primo
0%
209 William Regal
0%
No matching quizzes found
Score Distribution
Percent of People with Each Score
Percentile by Number Answered
Your Score History
You have not taken this quiz